000 00554nam a2200181Ia 4500
003 GCL
008 140319s9999 xx 000 0 ara d
040 _aGCL /
_cGCL
082 0 4 _a574.2
_bس و
100 1 _aسامية التمتامى
245 1 0 _aالوراثة البشرية الحاضر والمستقبل /
_cسامية التمتامى
300 _a135 ص
490 _aالعلم والحياة
_v0
650 0 4 _aالامراض الوراثية
650 0 4 _aالوراثة
650 0 4 _aالهندسة الوراثية
942 _2ddc
_cBK
999 _c48036
_d48036